[Event "Rated Blitz tournament kv7AWfB1"]
[Site "?"]
[Date "2021.06.27"]
[Round "?"]
[White "Strelok2222"]
[Black "om_gendut"]
[Result "1-0"]
[WhiteElo "2473"]
[BlackElo "2401"]
[PlyCount "121"]
[EventDate "2021.??.??"]
[EventType "blitz"]

1. e4 e5 2. Nf3 d5 3. Nxe5 Bd6 4. d4 dxe4 5. Nc4 Be7 6. Nc3 Nf6 7. h3 O-O 8.
Be2 Bf5 9. Bf4 Nc6 10. d5 Nb8 11. Ne3 Bg6 12. g4 Bd6 13. Bg5 h6 14. Bh4 Nbd7
15. Qd2 a6 16. Nf5 Be5 17. Rg1 Bxf5 18. gxf5 Kh8 19. O-O-O Qe8 20. Kb1 Nb6 21.
f4 exf3 22. Bxf3 Nc4 23. Qd3 b5 24. Rge1 Qd7 25. Rxe5 Nxe5 26. Qf1 Qxf5 27. Bg2
Qxf1 28. Rxf1 Ng6 29. Bxf6 gxf6 30. d6 Rac8 31. d7 Rcd8 32. Rxf6 Rxd7 33. a3
Rd6 34. Rf2 Kg7 35. Ne4 Re6 36. Nc5 Rf6 37. Rd2 Re8 38. b4 Nf4 39. Bb7 Nxh3 40.
Bxa6 Re3 41. Kb2 Nf4 42. Bxb5 Ne6 43. Nb3 Rff3 44. Bc4 h5 45. a4 h4 46. a5 h3
47. a6 Ng5 48. a7 Re8 49. Bd5 Rg3 50. a8=Q Rxa8 51. Bxa8 Nf3 52. Bxf3 Rxf3 53.
Nd4 Rf4 54. Kc3 Rg4 55. Rh2 Rg3+ 56. Kc4 Kf6 57. c3 Ke5 58. b5 Kf4 59. Kb4 Kg4
60. c4 Rg2 61. Rh1 {Time forfeit} 1-0

[Event "Rated Blitz game"]
[Site "?"]
[Date "2021.06.27"]
[Round "?"]
[White "PloGrinder"]
[Black "kamilgrosicky"]
[Result "1-0"]
[WhiteElo "2474"]
[BlackElo "2303"]
[PlyCount "65"]
[EventDate "2021.??.??"]
[EventType "blitz"]

1. e4 e5 2. Nf3 d5 3. Nxe5 Bd6 4. d4 dxe4 5. Nc3 Nf6 6. Bg5 O-O 7. Be2 h6 8.
Bh4 Nc6 9. Nc4 Bf5 10. O-O g5 11. Bg3 Bxg3 12. fxg3 Qxd4+ 13. Qxd4 Nxd4 14. Ne3
Nxe2+ 15. Nxe2 Be6 16. Rxf6 Rad8 17. Rf2 f5 18. Raf1 Rd2 19. Nc3 Rxf2 20. Rxf2
f4 21. gxf4 gxf4 22. Ned5 f3 23. Ne3 fxg2 24. Rxf8+ Kxf8 25. Kxg2 Ke7 26. Kg3
Kf6 27. Kf4 c6 28. Nxe4+ Kg6 29. Nc5 Bxa2 30. Nxb7 Bf7 31. Nd8 Be8 32. Ne6 Bd7
33. Nc5 {Normal} 1-0

[Event "Rated Blitz game"]
[Site "?"]
[Date "2021.06.27"]
[Round "?"]
[White "Andrey1922"]
[Black "YHUTANGzJHuN"]
[Result "1-0"]
[WhiteElo "2345"]
[BlackElo "2456"]
[PlyCount "89"]
[EventDate "2021.??.??"]
[EventType "blitz"]

1. e4 e5 2. Nf3 d5 3. exd5 e4 4. Qe2 Nf6 5. Nc3 Be7 6. Nxe4 O-O 7. d3 Qxd5 8.
Nc3 Qa5 9. Qd1 Bb4 10. Bd2 Re8+ 11. Be2 Bg4 12. O-O Nc6 13. h3 Bh5 14. a3 Bd6
15. Ne4 Qf5 16. Nxd6 cxd6 17. c3 Bxf3 18. Bxf3 Qxd3 19. Bf4 Qf5 20. Bg3 Rad8
21. Qd2 Ne5 22. Bd5 b6 23. Rad1 Nh5 24. Bh2 Nf6 25. Rfe1 Ng6 26. Bc6 Rxe1+ 27.
Rxe1 d5 28. Ba4 Ne4 29. Qe3 Ne5 30. Bxe5 Qxe5 31. f3 f5 32. fxe4 dxe4 33. Rd1
Re8 34. Qd4 Qxd4+ 35. Rxd4 Re7 36. Kf2 Kf7 37. g3 Kf6 38. Bc2 g5 39. c4 Rc7 40.
b3 Rc5 41. Ke3 Ke5 42. Ke2 a6 43. Rd8 b5 44. Kd2 Kf6 45. b4 {Time forfeit} 1-0

[Event "Rated Blitz game"]
[Site "?"]
[Date "2021.06.27"]
[Round "?"]
[White "movingtargent"]
[Black "annaly1979"]
[Result "1-0"]
[WhiteElo "2425"]
[BlackElo "2430"]
[PlyCount "101"]
[EventDate "2021.??.??"]
[EventType "blitz"]

1. e4 e5 2. Nf3 d5 3. d3 dxe4 4. Nxe5 Qd4 5. Nc4 Nf6 6. Nc3 Bb4 7. Be3 Bxc3+ 8.
bxc3 Qxc3+ 9. Bd2 Qd4 10. Be2 O-O 11. O-O Nc6 12. Rb1 exd3 13. cxd3 Bf5 14. Be3
Qh4 15. Rxb7 Rad8 16. Rxc7 Nb4 17. Ne5 Nbd5 18. Rc5 Rfe8 19. Nf3 Qg4 20. Bg5
Nf4 21. Bxf4 Qxf4 22. g3 Qg4 23. Nh4 Qxe2 24. Nxf5 Qxd3 25. Qxd3 Rxd3 26. Rfc1
h6 27. Rc7 Ra3 28. R1c2 Re6 29. Nd4 Rea6 30. Nc6 Rxa2 31. Rxa2 Rxa2 32. Rxa7
Rc2 33. Ne7+ Kh7 34. Nf5 Kg6 35. Nh4+ Kh5 36. h3 g5 37. Rxf7 gxh4 38. Rxf6 hxg3
39. fxg3 Ra2 40. Rf2 Kg5 41. Rxa2 h5 42. Rg2 h4 43. Kh2 hxg3+ 44. Rxg3+ Kh4 45.
Rg4+ Kh5 46. Kg3 Kh6 47. Rf4 Kh5 48. Kf3 Kg5 49. Ke4 Kh5 50. Ke5 Kg5 51. h4+ {
Time forfeit} 1-0

[Event "Rated Blitz game"]
[Site "?"]
[Date "2021.06.27"]
[Round "?"]
[White "MityshevS"]
[Black "YHUTANGzJHuN"]
[Result "1/2-1/2"]
[WhiteElo "2422"]
[BlackElo "2434"]
[PlyCount "116"]
[EventDate "2021.??.??"]
[EventType "blitz"]

1. e4 e5 2. Nf3 d5 3. Nc3 dxe4 4. Nxe4 f5 5. Ng3 e4 6. Ng1 Nf6 7. d3 Nc6 8. Bf4
Bd6 9. Bxd6 Qxd6 10. dxe4 Qb4+ 11. Qd2 Qxb2 12. Rd1 fxe4 13. Bc4 Bg4 14. f3
exf3 15. Qd5 Qe5+ 16. Qxe5+ Nxe5 17. gxf3 Nxf3+ 18. Nxf3 Bxf3 19. Kf2 Bxh1 20.
Rxh1 O-O-O 21. Nf5 Rd2+ 22. Kf3 Rxc2 23. Bb3 Rc3+ 24. Kf4 g6 25. Nd4 Rf8 26.
Ne6 Nh5+ 27. Kg5 Rf2 28. Rd1 b6 29. Rd8+ Kb7 30. Rd7 Rxh2 31. Rxh7 Rg3+ 32. Kh6
Nf4+ 33. Kg7 Nxe6+ 34. Bxe6 Rxh7+ 35. Kxh7 c5 36. Kg7 b5 37. Kf6 c4 38. Bg8 Rg2
39. a3 Kb6 40. Ke5 g5 41. Kd4 g4 42. Bd5 g3 43. Ke4 Ra2 44. Kf3 Rxa3+ 45. Kg2
Rd3 46. Be4 Rd4 47. Bg6 c3 48. Kxg3 b4 49. Kf3 b3 50. Ke3 Rd6 51. Bf5 c2 52.
Kf4 c1=Q+ 53. Ke5 Qc5+ 54. Kf4 Rd4+ 55. Ke3 Qxf5 56. Ke2 Qf4 57. Ke1 Qe3+ 58.
Kf1 Rd2 {Normal} 1/2-1/2

[Event "Rated Blitz game"]
[Site "?"]
[Date "2021.06.27"]
[Round "?"]
[White "Amateur_LP"]
[Black "blastol"]
[Result "1-0"]
[WhiteElo "2369"]
[BlackElo "2410"]
[PlyCount "68"]
[EventDate "2021.??.??"]
[EventType "blitz"]

1. e4 e5 2. Nf3 d5 3. exd5 Bd6 4. d4 e4 5. Ne5 Nf6 6. Nc3 O-O 7. Bg5 Re8 8. Qd2
Bxe5 9. dxe5 Rxe5 10. O-O-O Bf5 11. f4 Re8 12. h3 h6 13. Bh4 h5 14. Be2 Qd6 15.
Kb1 a6 16. Rhg1 Nbd7 17. g4 hxg4 18. hxg4 Bh7 19. f5 Nb6 20. g5 Nfd7 21. Bg3
Qb4 22. g6 fxg6 23. fxg6 Bxg6 24. d6 e3 25. Qd4 Qxd4 26. Rxd4 c5 27. Rg4 Bf5
28. Rg5 g6 29. Rf1 Kf7 30. a4 Nf6 31. a5 Nbd5 32. Bc4 Kf8 33. Nxd5 Nxd5 34.
Bxd5 Rac8 {Normal} 1-0

[Event "Rated Blitz game"]
[Site "?"]
[Date "2021.06.27"]
[Round "?"]
[White "MartinLorenzini"]
[Black "Fantastic_power06"]
[Result "0-1"]
[WhiteElo "2722"]
[BlackElo "2624"]
[PlyCount "76"]
[EventDate "2021.??.??"]
[EventType "blitz"]

1. e4 e5 2. Nf3 d5 3. exd5 e4 4. Qe2 Nf6 5. d3 Qxd5 6. Nbd2 Nc6 7. dxe4 Qc5 8.
Nb3 Qh5 9. e5 Ng4 10. Bf4 Bb4+ 11. c3 Be7 12. O-O-O Be6 13. Qb5 O-O 14. h3 Nxf2
15. Be2 Nxh1 16. Rxh1 Qg6 17. g4 Qe4 18. Bd2 a6 19. Qd3 Qxd3 20. Bxd3 Bd5 21.
Rf1 Bxf3 22. Rxf3 Nxe5 23. Re3 Nxd3+ 24. Rxd3 Rad8 25. Rf3 h6 26. Nd4 Bg5 27.
Bxg5 hxg5 28. Rf5 Rfe8 29. Rxg5 g6 30. h4 Kg7 31. h5 Kf6 32. Rc5 gxh5 33. Rf5+
Kg7 34. Rg5+ Kh6 35. Rxh5+ Kg6 36. Rc5 c6 37. a4 Re4 38. Nf5 Rxg4 {Normal} 0-1

[Event "Rated Blitz game"]
[Site "?"]
[Date "2021.06.27"]
[Round "?"]
[White "Urquharts"]
[Black "King_bg03"]
[Result "0-1"]
[WhiteElo "2504"]
[BlackElo "2604"]
[PlyCount "88"]
[EventDate "2021.??.??"]
[EventType "blitz"]

1. e4 e5 2. Nf3 d5 3. Nxe5 Bd6 4. d4 dxe4 5. Nc4 Be7 6. Nc3 Nf6 7. Be3 O-O 8.
Be2 Bb4 9. O-O Bxc3 10. bxc3 Nd5 11. Qd2 f5 12. Bg5 Qe8 13. Ne5 Nd7 14. f4 N7f6
15. c4 Ne7 16. Rab1 b6 17. Qb4 Bb7 18. a4 a5 19. Qb3 h6 20. Bh4 Kh7 21. c5 Ned5
22. cxb6 cxb6 23. Bb5 Qh5 24. Qg3 e3 25. Bxf6 Nxf6 26. Qxe3 Rac8 27. Bd3 Be4
28. Rxb6 Nd5 29. Qg3 Nxb6 30. Bxe4 fxe4 31. Rb1 Rxc2 32. h4 Nd5 33. Rb7 Rg8 34.
f5 Qxf5 35. Nd7 Rc1+ 36. Kh2 Qf1 37. Nf8+ Qxf8 38. Qe5 Qf4+ 39. Qxf4 Nxf4 40.
Rd7 Ng6 41. Re7 Nxh4 42. d5 Nf3+ 43. Kg3 Rc2 44. gxf3 e3 {Time forfeit} 0-1

[Event "Rated Blitz game"]
[Site "?"]
[Date "2021.06.27"]
[Round "?"]
[White "Shahist-A"]
[Black "artsportscience"]
[Result "1/2-1/2"]
[WhiteElo "2358"]
[BlackElo "2409"]
[PlyCount "138"]
[EventDate "2021.??.??"]
[EventType "blitz"]

1. e4 e5 2. Nf3 d5 3. Nxe5 Bd6 4. d4 dxe4 5. Qh5 Be6 6. Nc3 Nf6 7. Qh4 Bb4 8.
Be3 Bxc3+ 9. bxc3 O-O 10. Bg5 h6 11. Bd2 Nc6 12. Nxc6 bxc6 13. Be2 Bf5 14. O-O
Nd5 15. Qg3 Bg6 16. h4 Qf6 17. h5 Bh7 18. c4 Ne7 19. Bc3 Nf5 20. Qxc7 Nxd4 21.
Bg4 Nf3+ 22. Bxf3 Qxc3 23. Be2 Qxc2 24. Rfe1 Qc3 25. Qxc6 e3 26. Qf3 exf2+ 27.
Qxf2 Rad8 28. Rac1 Qb2 29. c5 Rc8 30. c6 Be4 31. c7 Qb7 32. Qf4 Bxg2 33. Bg4
Bh1 34. Qg3 f5 35. Kh2 fxg4 36. Rxh1 Qb6 37. Qb3+ Qxb3 38. axb3 Rf7 39. Rhg1
Rfxc7 40. Rxc7 Rxc7 41. Rxg4 Rc5 42. Rh4 Rb5 43. b4 Kf7 44. Kg3 Kf6 45. Kf3 Kg5
46. Rg4+ Kxh5 47. Rxg7 Rxb4 48. Rxa7 Rb3+ 49. Kg2 Kg6 50. Ra5 h5 51. Rc5 h4 52.
Ra5 Rc3 53. Rb5 Rg3+ 54. Kh2 Rg5 55. Rxg5+ Kxg5 56. Kh3 Kh5 57. Kh2 Kg4 58. Kg2
Kf4 59. Kh3 Kg5 60. Kh2 Kg4 61. Kg2 h3+ 62. Kh2 Kh4 63. Kh1 Kg5 64. Kh2 Kg4 65.
Kh1 Kg3 66. Kg1 Kf4 67. Kh2 Kg4 68. Kh1 Kf3 69. Kh2 Kg4 {Normal} 1/2-1/2

[Event "Rated Blitz game"]
[Site "?"]
[Date "2021.06.27"]
[Round "?"]
[White "axper89"]
[Black "pasha1984"]
[Result "1-0"]
[WhiteElo "2441"]
[BlackElo "2369"]
[PlyCount "53"]
[EventDate "2021.??.??"]
[EventType "blitz"]

1. e4 e5 2. Nf3 d5 3. d4 dxe4 4. Nxe5 Bd6 5. Nc4 Nc6 6. d5 Nce7 7. Nc3 Nf6 8.
Bg5 Bb4 9. Bxf6 gxf6 10. Ne3 Qd6 11. Bb5+ Bd7 12. Bxd7+ Qxd7 13. Qd4 Bxc3+ 14.
Qxc3 O-O-O 15. O-O-O f5 16. d6 Nc6 17. dxc7 Qxc7 18. Nxf5 Qf4+ 19. Ne3 Qxf2 20.
Nd5 Qxg2 21. Ne7+ Kc7 22. Nxc6 Qg5+ 23. Kb1 bxc6 24. h4 Rxd1+ 25. Rxd1 Qh5 26.
Qd4 Rc8 27. Qxa7# {Normal} 1-0

[Event "Rated Blitz game"]
[Site "?"]
[Date "2021.06.27"]
[Round "?"]
[White "mohammedarrami"]
[Black "King_bg03"]
[Result "0-1"]
[WhiteElo "2576"]
[BlackElo "2603"]
[PlyCount "56"]
[EventDate "2021.??.??"]
[EventType "blitz"]

1. e4 e5 2. Nf3 d5 3. exd5 e4 4. Qe2 Nf6 5. Nc3 Be7 6. Nxe4 O-O 7. d3 Qxd5 8.
Bf4 Bg4 9. h3 Bh5 10. g4 Bg6 11. Nfd2 Nc6 12. c3 Qd7 13. Bg2 Rad8 14. d4 Nd5
15. Bg3 f5 16. gxf5 Bxf5 17. O-O Bxh3 18. Nc4 Bxg2 19. Kxg2 Nf4+ 20. Bxf4 Rxf4
21. f3 Rdf8 22. Rad1 Qf5 23. Ne3 Qg6+ 24. Ng4 h5 25. Qc4+ R8f7 26. d5 Ne5 27.
Qxc7 Nxg4 28. fxg4 Qxe4+ {Normal} 0-1

[Event "Rated Blitz game"]
[Site "?"]
[Date "2021.06.27"]
[Round "?"]
[White "Strashila_koresh"]
[Black "blastol"]
[Result "0-1"]
[WhiteElo "2351"]
[BlackElo "2404"]
[PlyCount "56"]
[EventDate "2021.??.??"]
[EventType "blitz"]

1. e4 e5 2. Nf3 d5 3. exd5 Bd6 4. d3 f5 5. c4 Nf6 6. Nc3 O-O 7. Bg5 Qe8 8. Be2
e4 9. dxe4 fxe4 10. Nd4 a6 11. Qd2 Ng4 12. Bxg4 Bxg4 13. Qe3 Nd7 14. h3 Qh5 15.
Nxe4 Rae8 16. f3 Bg3+ 17. Kd2 Bxf3 18. gxf3 Ne5 19. Raf1 Nxc4+ 20. Kd3 Nxe3 21.
Bxe3 Qxd5 22. Nxg3 c5 23. Nge2 cxd4 24. Nxd4 Rxe3+ 25. Kxe3 Re8+ 26. Kf2 Qxd4+
27. Kg2 Re2+ 28. Kg3 Qxb2 {Normal} 0-1

[Event "Rated Blitz game"]
[Site "?"]
[Date "2021.06.27"]
[Round "?"]
[White "firlus"]
[Black "Dzon_Vejn"]
[Result "1-0"]
[WhiteElo "2400"]
[BlackElo "2459"]
[PlyCount "91"]
[EventDate "2021.??.??"]
[EventType "blitz"]

1. e4 e5 2. Nf3 d5 3. Nc3 dxe4 4. Nxe4 Nf6 5. Nxf6+ Qxf6 6. Bc4 c6 7. O-O Bg4
8. Be2 Nd7 9. Re1 O-O-O 10. d3 e4 11. Bg5 Qg6 12. Bxd8 exf3 13. Bxf3 Bxf3 14.
Qxf3 Kxd8 15. Qe3 Bd6 16. Qxa7 Kc7 17. b4 Qh5 18. g3 Nb6 19. Qa3 Nd5 20. c3 f5
21. Qb3 f4 22. c4 f3 23. Kh1 Nf4 24. c5 Be5 25. Rad1 Ne2 26. d4 Bxg3 27. fxg3
Nxg3+ 28. Kg1 Ne2+ 29. Kf2 Re8 30. Qxf3 Qxh2+ 31. Qg2 Rf8+ 32. Kxe2 Qxg2+ 33.
Kd3 Rf3+ 34. Re3 Qg6+ 35. Ke2 Qg5 36. Rxf3 Qg2+ 37. Rf2 Qe4+ 38. Kd2 Kb8 39.
Rdf1 Qxd4+ 40. Kc2 Ka7 41. a3 Qc4+ 42. Kb2 Qd4+ 43. Kb1 Qd3+ 44. Ka2 Qd4 45.
Rf3 Qd3 46. Rxd3 {Time forfeit} 1-0

[Event "Rated Blitz game"]
[Site "?"]
[Date "2021.06.27"]
[Round "?"]
[White "LevPaukman"]
[Black "artsportscience"]
[Result "0-1"]
[WhiteElo "2459"]
[BlackElo "2396"]
[PlyCount "102"]
[EventDate "2021.??.??"]
[EventType "blitz"]

1. e4 e5 2. Nf3 d5 3. Nxe5 Bd6 4. d4 dxe4 5. Nc4 Nf6 6. Nxd6+ Qxd6 7. Be2 O-O
8. O-O Bf5 9. Be3 c6 10. c4 Nbd7 11. Nc3 Rfe8 12. h3 Bg6 13. Qd2 Rad8 14. a3 h6
15. b4 Qe7 16. Rfe1 Nf8 17. Rad1 Ne6 18. Qb2 Nh5 19. Bxh5 Bxh5 20. Rd2 f5 21.
d5 Ng5 22. Bf4 cxd5 23. Rxd5 Qf7 24. Red1 Rc8 25. Rd7 Re7 26. Rxe7 Qxe7 27. Nd5
Qf7 28. Rc1 Ne6 29. Bd6 f4 30. Ne7+ Kh8 31. Nxc8 f3 32. Qe5 fxg2 33. Bc5 Ng5
34. Qe7 Nf3+ 35. Kxg2 Qg6+ 36. Kh1 Ne1 37. Qf8+ Kh7 38. Qg8+ Kxg8 39. Ne7+ Kf7
40. Nxg6 Nd3 41. Nh8+ Kg8 42. Rg1 Kxh8 43. Bd4 Bf3+ 44. Kh2 Kg8 45. Rxg7+ Kf8
46. Rxb7 e3 47. c5 Bxb7 48. Bxe3 Ne5 49. Bxh6+ Kf7 50. Kg3 Nc4 51. Bf4 Nxa3 {
Time forfeit} 0-1

[Event "Rated Blitz tournament a7KMc4Qe"]
[Site "?"]
[Date "2021.06.27"]
[Round "?"]
[White "MihSer"]
[Black "Maltinho"]
[Result "1-0"]
[WhiteElo "2357"]
[BlackElo "2537"]
[PlyCount "149"]
[EventDate "2021.??.??"]
[EventType "blitz"]

1. e4 e5 2. Nf3 d5 3. exd5 Bd6 4. Bc4 Nf6 5. d3 Bg4 6. h3 Bh5 7. Bg5 Nbd7 8.
Nbd2 h6 9. Bh4 Nb6 10. Bb3 g5 11. Bg3 Nbxd5 12. Qe2 Qe7 13. Bxd5 Nxd5 14. Qe4
c6 15. Bxe5 O-O-O 16. Bxh8 Rxh8 17. Qxe7 Bxe7 18. g4 Bg6 19. O-O-O Nf4 20. Rde1
Bc5 21. d4 Bd6 22. Ne5 Bxe5 23. Rxe5 Rd8 24. Nb3 b6 25. h4 f6 26. Re7 a5 27. a4
Nd5 28. Ree1 Nb4 29. Re2 Kd7 30. hxg5 hxg5 31. Rh6 Rg8 32. Rh3 Kd6 33. Rhe3 Nd5
34. Re6+ Kd7 35. Re1 Bf7 36. R6e2 Rf8 37. f3 Kd6 38. Nd2 Bg6 39. Ne4+ Kd7 40.
Kd2 Rh8 41. c4 Nf4 42. Nxf6+ Kd6 43. c5+ bxc5 44. dxc5+ Kxc5 45. Re5+ Kb6 46.
Rxg5 Rh2+ 47. Kc3 Bf7 48. Re7 Bd5 49. Nxd5+ Nxd5+ 50. Rxd5 cxd5 51. g5 Rf2 52.
Rf7 Kc5 53. g6 d4+ 54. Kd3 Rxb2 55. Rf5+ Kd6 56. Rxa5 Rg2 57. Kxd4 Rd2+ 58. Ke4
Re2+ 59. Kf5 Rg2 60. Ra6+ Ke7 61. Ra7+ Kd6 62. f4 Kd5 63. Kf6 Kd6 64. f5 Kd5
65. Kf7 Ke4 66. f6 Kf5 67. Ra5+ Ke4 68. g7 Kf4 69. g8=Q Ke4 70. Qxg2+ Ke3 71.
Qg4 Kd2 72. Rh5 Kc1 73. Rh3 Kb2 74. Qg2+ Ka1 75. Rh1# {Normal} 1-0

[Event "Rated Blitz game"]
[Site "?"]
[Date "2021.06.27"]
[Round "?"]
[White "mohammedarrami"]
[Black "King_bg03"]
[Result "1-0"]
[WhiteElo "2577"]
[BlackElo "2602"]
[PlyCount "159"]
[EventDate "2021.??.??"]
[EventType "blitz"]

1. e4 e5 2. Nf3 d5 3. exd5 e4 4. Qe2 Nf6 5. Nc3 Be7 6. Nxe4 O-O 7. d3 Nxd5 8.
Qd1 f5 9. Ng3 Bb4+ 10. c3 Nxc3 11. bxc3 Bxc3+ 12. Bd2 Bxa1 13. Qxa1 Re8+ 14.
Be2 Qxd3 15. Qc3 Qb1+ 16. Qc1 Qxc1+ 17. Bxc1 Be6 18. O-O Bxa2 19. Bb5 c6 20.
Bd3 g6 21. Bb2 Nd7 22. Ra1 Bd5 23. Bd4 c5 24. Bb5 cxd4 25. Bxd7 Red8 26. Bb5
Bxf3 27. gxf3 a6 28. Bd3 b5 29. Ne2 b4 30. Ra5 b3 31. Bc4+ Kg7 32. Bxb3 d3 33.
Nf4 d2 34. Ne6+ Kf6 35. Nxd8 Rxd8 36. Rxa6+ Ke5 37. Bd1 Kd4 38. Ra3 Kc4 39. Kf1
Re8 40. Re3 Rd8 41. Ke2 Rd7 42. Ra3 Kb4 43. Rd3 Re7+ 44. Kxd2 Kc4 45. Re3 Rd7+
46. Ke2 Ra7 47. Bb3+ Kd4 48. Rd3+ Ke5 49. Bd1 Kf4 50. Rd2 Re7+ 51. Kf1 Kg5 52.
Rd4 h5 53. h4+ Kf6 54. Kg2 Kg7 55. Bb3 Kh6 56. Rd6 Re5 57. Bf7 Kg7 58. Bxg6 f4
59. Be4 Rc5 60. Rg6+ Kf7 61. Rg5 Rxg5+ 62. hxg5 Ke6 63. g6 h4 64. Kh3 Kf6 65.
Kxh4 Kg7 66. Kg4 Kh8 67. Kxf4 Kg7 68. Kg5 Kf8 69. f4 Kg7 70. f5 Kf8 71. f6 Ke8
72. g7 Kd7 73. g8=Q Kd6 74. Qd5+ Kc7 75. Qc6+ Kd8 76. f7 Ke7 77. Qf6+ Kf8 78.
Qh8+ Ke7 79. f8=Q+ Ke6 80. Qe8+ {Time forfeit} 1-0

[Event "Rated Blitz game"]
[Site "?"]
[Date "2021.06.27"]
[Round "?"]
[White "kunderiano"]
[Black "JoNYuTANGCo"]
[Result "0-1"]
[WhiteElo "2347"]
[BlackElo "2413"]
[PlyCount "98"]
[EventDate "2021.??.??"]
[EventType "blitz"]

1. e4 e5 2. Nf3 d5 3. Nxe5 dxe4 4. d4 Bd6 5. Nc4 Nc6 6. Be3 Nf6 7. Nc3 Bf5 8.
Qd2 Bb4 9. a3 Be7 10. O-O-O O-O 11. h3 a6 12. g4 Bg6 13. Be2 b5 14. Ne5 Qe8 15.
h4 h5 16. g5 Nh7 17. Nxg6 fxg6 18. Nxe4 Bxa3 19. Ng3 Bd6 20. Qc3 b4 21. Qb3+
Kh8 22. Rhe1 a5 23. Bb5 Rb8 24. Ba4 Qd7 25. d5 Qg4 26. dxc6 Qxh4 27. Rxd6 cxd6
28. c7 Rbc8 29. Bb6 Qxg5+ 30. Qe3 Rf7 31. Qxg5 Nxg5 32. Ne4 Nxe4 33. Rxe4 Rcxc7
34. Bxc7 Rxc7 35. Re8+ Kh7 36. Kd2 g5 37. Ra8 Rc5 38. c3 bxc3+ 39. bxc3 h4 40.
Bc2+ g6 41. Re8 h3 42. Re3 g4 43. Re1 Kh6 44. f3 g3 45. Rh1 h2 46. Ke2 Rxc3 47.
Bd3 Kg5 48. f4+ Kg4 49. Rf1 Kh3 {Time forfeit} 0-1

[Event "Rated Blitz game"]
[Site "?"]
[Date "2021.06.27"]
[Round "?"]
[White "Udar59"]
[Black "blastol"]
[Result "0-1"]
[WhiteElo "2392"]
[BlackElo "2429"]
[PlyCount "62"]
[EventDate "2021.??.??"]
[EventType "blitz"]

1. e4 e5 2. Nf3 d5 3. Nxe5 Bd6 4. d4 dxe4 5. Nc4 Nf6 6. Be2 Nc6 7. c3 h6 8. h3
O-O 9. Nxd6 Qxd6 10. O-O Bf5 11. f4 Rae8 12. g4 Bd7 13. Be3 Nd5 14. Qd2 f5 15.
Na3 Qg6 16. Bc4 Nce7 17. Qg2 Kh8 18. Rae1 fxg4 19. hxg4 Bxg4 20. Nb5 c6 21. Nd6
Qxd6 22. Qxg4 Rf6 23. Kh1 Rg6 24. Qh3 Rf8 25. Bxd5 Nxd5 26. f5 Rg3 27. Qh2 Rf6
28. Bf4 Nxf4 29. Qxg3 Rxf5 30. Rxe4 Rh5+ 31. Kg1 Ne2+ {Time forfeit} 0-1

[Event "Rated Blitz game"]
[Site "?"]
[Date "2021.06.27"]
[Round "?"]
[White "vasiljev_alex2020"]
[Black "neesmu"]
[Result "1-0"]
[WhiteElo "2400"]
[BlackElo "2361"]
[PlyCount "85"]
[EventDate "2021.??.??"]
[EventType "blitz"]

1. e4 e5 2. Nf3 d5 3. Nxe5 dxe4 4. d4 c5 5. Bb5+ Nd7 6. Qh5 Qa5+ 7. Nc3 Nh6 8.
Nxd7 Bxd7 9. Bxd7+ Kxd7 10. Bxh6 cxd4 11. Qxa5 dxc3 12. Qd5+ Bd6 13. Bf4 cxb2
14. Qxd6+ Ke8 15. Rd1 h5 16. Bg5 f6 17. Qe6+ Kf8 18. Bxf6 Re8 19. Qd6+ Kf7 20.
Bxb2 Re6 21. Qf4+ Kg8 22. Qg5 Rh7 23. Bxg7 Rxg7 24. Rd8+ Kh7 25. Qxh5+ Rh6 26.
Rh8+ Kxh8 27. Qxh6+ Kg8 28. Qe6+ Kh7 29. Qxe4+ Kh6 30. Qe3+ Kh7 31. Qxa7 b5 32.
Qb6 Re7+ 33. Kd1 Rd7+ 34. Kc1 Rg7 35. Qxb5 Kg6 36. f4 Kh6 37. Qc6+ Kh7 38. Qe4+
Kh6 39. f5 Ra7 40. Qe3+ Kh5 41. Qxa7 Kg4 42. f6 Kf5 43. f7 {Normal} 1-0

[Event "Rated Blitz game"]
[Site "?"]
[Date "2021.06.27"]
[Round "?"]
[White "horripile"]
[Black "Fantastic_power06"]
[Result "0-1"]
[WhiteElo "2607"]
[BlackElo "2652"]
[PlyCount "46"]
[EventDate "2021.??.??"]
[EventType "blitz"]

1. e4 e5 2. Nf3 d5 3. Nxe5 Bd6 4. d4 dxe4 5. Nc3 Bxe5 6. dxe5 Qxd1+ 7. Kxd1 Nc6
8. Nxe4 Bf5 9. Ng3 O-O-O+ 10. Bd2 Bg6 11. f4 Nge7 12. Kc1 h5 13. h4 Nd4 14. c3
Nc2 15. Rb1 Nb4 16. Ra1 Nd3+ 17. Bxd3 Rxd3 18. Nf1 Rhd8 19. Rh3 Rxh3 20. gxh3
Nf5 21. Be1 f6 22. Nd2 fxe5 23. fxe5 Ne3 {Normal} 0-1

[Event "Rated Blitz game"]
[Site "?"]
[Date "2021.06.27"]
[Round "?"]
[White "sgillani051"]
[Black "Pashkomarku"]
[Result "1-0"]
[WhiteElo "2479"]
[BlackElo "2315"]
[PlyCount "41"]
[EventDate "2021.??.??"]
[EventType "blitz"]

1. e4 e5 2. Nf3 d5 3. exd5 Qxd5 4. Nc3 Qe6 5. Be2 Nc6 6. O-O Bd7 7. d4 exd4 8.
Nxd4 Qd6 9. Ndb5 Qxd1 10. Rxd1 O-O-O 11. Bf4 Nb4 12. Bxc7 Re8 13. Bg3 Bc5 14.
a3 Nxc2 15. Rac1 Bxb5 16. Bg4+ Re6 17. Nxb5 a6 18. Rxc2 b6 19. Nd6+ Kc7 20.
Nxf7+ Kc6 21. Bxe6 {Normal} 1-0

[Event "Lobanov Memorial Blitz"]
[Site "Sochi RUS"]
[Date "2021.06.26"]
[Round "11.6"]
[White "Polschikov, A."]
[Black "Mikhailovsky, Vladimir"]
[Result "0-1"]
[WhiteElo "2420"]
[BlackElo "2197"]
[PlyCount "64"]
[EventDate "2021.06.26"]
[EventType "blitz"]
[SourceTitle "The Week in Chess 1390"]
[Source "Mark Crowther"]
[SourceDate "2021.06.28"]
[SourceVersion "2"]
[SourceVersionDate "2021.06.28"]
[SourceQuality "2"]

1. e4 e5 2. Nf3 d5 3. exd5 e4 4. Qe2 Nf6 5. d3 Qxd5 6. Nbd2 Nc6 7. dxe4 Qh5 8.
c3 Bc5 9. e5 Ng4 10. Ne4 Bb6 11. h3 Ngxe5 12. Nxe5 Qxe2+ 13. Bxe2 Nxe5 14. Bf4
Ng6 15. Bg3 Bf5 16. Bb5+ Ke7 17. O-O-O Bxe4 18. Rhe1 f5 19. f3 Rad8 20. fxe4 f4
21. Bh2 Be3+ 22. Kc2 c6 23. Be2 Ne5 24. Bf3 Rxd1 25. Rxd1 g5 26. Re1 Ke6 27.
Be2 h5 28. Rf1 Rd8 29. Rd1 Rxd1 30. Kxd1 g4 31. hxg4 hxg4 32. Ke1 g3 0-1

[Event "Rated Blitz game"]
[Site "?"]
[Date "2021.06.26"]
[Round "?"]
[White "Machinegunusa"]
[Black "Fantastic_power06"]
[Result "1-0"]
[WhiteElo "2563"]
[BlackElo "2679"]
[PlyCount "147"]
[EventDate "2021.??.??"]
[EventType "blitz"]

1. e4 e5 2. Nf3 d5 3. d4 dxe4 4. Nxe5 Bd6 5. Qh5 Be6 6. Nc3 Nf6 7. Qh4 Nbd7 8.
Nxd7 Qxd7 9. Bg5 Be7 10. O-O-O O-O-O 11. Bxf6 Bxf6 12. Qxe4 Rhe8 13. Bb5 c6 14.
Be2 Bg5+ 15. f4 Bd5 16. Qxh7 Bxf4+ 17. Kb1 Bh6 18. Bf3 Bxf3 19. gxf3 Qh3 20.
Rd3 Rh8 21. Qe4 Rde8 22. Qg4+ Qxg4 23. fxg4 Bf4 24. h4 g5 25. h5 f5 26. gxf5 g4
27. d5 g3 28. Rf3 g2 29. Rd1 Bh2 30. dxc6 g1=Q 31. cxb7+ Kxb7 32. Rxg1 Bxg1 33.
a4 Rxh5 34. f6 Rf8 35. Ne4 Bd4 36. c3 Be5 37. Nc5+ Kc6 38. Ne4 Kd5 39. Re3 Bxf6
40. Kc2 Re5 41. Kd3 Ke6 42. Re2 Rd8+ 43. Kc4 Rc8+ 44. Kd3 Rd8+ 45. Kc4 Rh8 46.
Nc5+ Kf7 47. Rf2 Rh4+ 48. Kb5 Rhh5 49. b4 Ke7 50. Kc6 Rhf5 51. Rd2 Rxc5+ 52.
bxc5 Bxc3 53. Rd7+ Ke6 54. Rxa7 Bb4 55. Rb7 Rxc5+ 56. Kb6 Rc4 57. Kb5 Re4 58.
Rb6+ Bd6 59. a5 Kd7 60. Rb7+ Kc8 61. a6 Re5+ 62. Kc6 Bc5 63. Rb5 Re6+ 64. Kxc5
Rxa6 65. Rb4 Ra7 66. Kc6 Rc7+ 67. Kd6 Rd7+ 68. Ke6 Rb7 69. Rc4+ Kb8 70. Kd6
Rb6+ 71. Kd7 Ka7 72. Rc7+ Ka6 73. Rc8 Ka5 74. Ra8+ {Time forfeit} 1-0

[Event "Rated Blitz tournament r9AWp4qD"]
[Site "?"]
[Date "2021.06.26"]
[Round "?"]
[White "Chessibague"]
[Black "batasjon"]
[Result "1-0"]
[WhiteElo "2597"]
[BlackElo "2409"]
[PlyCount "89"]
[EventDate "2021.??.??"]
[EventType "blitz"]

1. e4 e5 2. Nf3 d5 3. Nxe5 Bd6 4. d4 dxe4 5. Nc4 Nf6 6. Nxd6+ Qxd6 7. Nc3 O-O
8. Be2 Nc6 9. Be3 Rd8 10. Nb5 Qe7 11. c3 Ne5 12. O-O c6 13. Na3 h6 14. dxe5
Rxd1 15. exf6 Rxf1+ 16. Rxf1 Qxf6 17. Rd1 Be6 18. Nc2 Bxa2 19. Rd7 b6 20. h3
Be6 21. Rd1 Rd8 22. Ra1 Qe7 23. Nd4 Rc8 24. Bf4 Bd5 25. g4 b5 26. Nf5 Qc5 27.
Be3 Qf8 28. Rxa7 Re8 29. Bd4 Be6 30. Nxg7 Ra8 31. Nxe6 fxe6 32. Rc7 Qd6 33.
Rg7+ Kf8 34. Rh7 e5 35. Rh8+ Kg7 36. Bxe5+ Qxe5 37. Rxa8 Qf4 38. Kg2 Qd2 39.
Ra7+ Kf6 40. Kf1 Kg5 41. Rc7 Qxb2 42. Rxc6 Qc1+ 43. Kg2 b4 44. Rc5+ Kh4 45.
Rh5# {Normal} 1-0